000
00289nam a2200109Ia 4500
008
220120s9999||||xx |||||||||||||| ||und||
100
_a
Keiser, Gerd
245
0
_a
Optical fiber communications
260
_a
Tata Mcgraw hill
_b
New Delhi
_c
2000
300
_b
0
650
_a
PROGRAMMING LANGUAGE
999
_c
136762
_d
136762